HP B4 C7 - Statistics

General Stats
  • This quiz has been taken 4 times
  • The average score is 61 of 153
Answer Stats
Term Answer % Correct
Niebla Fog
100%
Muslo Thigh
100%
Antepasado Ancestor
50%
Apartamento Apartment
50%
Adosado Attached
50%
Malas Pulgas Bad Tempered
50%
Bombachos Baggy Pants
50%
Barriga Belly
50%
Azulado Bluish
50%
Bomba Bomb
50%
Ceño Brow
50%
Litera Bunk
50%
Reventar Burst
50%
Acampar | Campamento Camp
50%
Campaña Campaign
50%
Campista Camper
50%
Chanclo Clog
50%
Trébol Clover
50%
Cobrizo Coppery
50%
Acierto Correct Answer
50%
Homólogo Counterpart
50%
A Gatas Crawling
50%
Ganchillo Crochet
50%
Concurrido Crowded
50%
Ensoñación Daydream
50%
Decadencia Decadence
50%
Endiablado Devilish
50%
Desaprobación Disapproval
50%
Secamente Dryly
50%
Madrugador Early Riser
50%
Borde Edge
50%
Anguila Eel
50%
Enzarzar Entangle
50%
Sobrepasar Exceed
50%
Lumbre Fire
50%
Leña Firewood
50%
Piscifactoría Fish Farm
50%
Plano Flat
50%
Bicho Raro Freak
50%
Amueblado Furnished
50%
Gesto Gesture
50%
Pega Glue
50%
Ganso Goose
50%
Cotillear Gossip
50%
Acertar Guess Correctly
50%
Pañuelo Handkerchief
50%
Portezuela Hatch
50%
Pasar Bomba Have A Blast
50%
Talón Heel
50%
Montículo Hillock
50%
Ladera Hillside
50%
Horizonte Horizon
50%
Jorobado Hunchback
50%
Idolatrar Idolise
50%
A Cargo De In Charge Of
50%
Inefable Indescribable
50%
Indicio Indication
50%
Hierro Iron
50%
Verja Iron Gate
50%
Laxo Lax
50%
Pequeñín Little One
50%
Desenfocar Lose Focus
50%
Ensimismado Lost In Thought
50%
Ojillos Lovely Eyes
50%
Lumbago Lower Back Pain
50%
Lince Lynx
50%
Manualmente Manually
50%
Fósforo Match
50%
Cerilla Matchstick
50%
Prado Meadow
50%
Mediano Medium
50%
Neblina Mist
50%
Camisón Nightdress
50%
Aceituna Olive
50%
Horno Oven
50%
Palpablemente Palpably
50%
Piqueta Peg
50%
Colocación Placing
50%
Pose Pose
50%
Estampado Printed
50%
Morado Purple
50%
Pirámide Pyramid
50%
Concentración Rally
50%
Referente Regarding
50%
Retazo Remnant
50%
Representante Representative
50%
Asar Roast
50%
Rebuscar Rummage In
50%
Cazuela Saucepan
50%
Libreta Savings Book
50%
Escéptico Sceptical
50%
Ceñudo Scowling
50%
Tropiezo Setback
50%
Enfundar Sheathe
50%
Letrero Sign
50%
Seda Silk
50%
Conque So
50%
Destellante Sparkling
50%
Volcar Spill
50%
Despatarrarse Sprawl
50%
Muelle Spring
50%
Tieso Stiff
50%
Estirado Stretched
50%
Franja Stripe
50%
A Rayas Stripy
50%
Testarudez Stubbornness
50%
Sustituir Substitute
50%
Hosco Surly
50%
Rodeado Surrounded
50%
Recelar Suspect
50%
Selección Team
50%
Raído Threadbare
50%
Torreta Turret
50%
Borde Mismo Very Edge
50%
Avispa Wasp
50%
Cansino Weary
50%
En Tanto Que Whereas
50%
Mustio Withered
50%
Acordar Agree
0%
Conforme Authorisation
0%
Ganga Bargain
0%
Prismáticos Binoculars
0%
Jactancioso Boastful
0%
Fogata Bonfire
0%
Acatar Comply With
0%
Continente Continent
0%
Engalanar Deck Out
0%
Acción Deed
0%
Prescindir Do Without
0%
Cohibir Embarrass
0%
Hazaña Feat
0%
Ojeroso Haggard
0%
Estorbo Hindrance
0%
Tapacubos Hubcap
0%
Himno Hymn
0%
Ruedecilla Knob
0%
Farol Lantern
0%
Maza Mallet
0%
Himno Nacional National Anthem
0%
Pancarta Placard
0%
Parcela Plot
0%
Reprobación Reprobation
0%
Escarapela Rosette
0%
Sábana Sheet
0%
Pasmo Shock
0%
Entonar Sing
0%
Avivar Stoke
0%
Estival Summery
0%
Tachuela Tack
0%
Fajo Wad
0%
Veleta Weather Vane
0%
Ansia Yearning
0%
No matching quizzes found
Score Distribution
Percent of People with Each Score
Percentile by Number Answered
Your Score History
You have not taken this quiz